[Event "Cipressina op-A 2nd"]
[Site "Venice"]
[Date "2013.11.30"]
[Round "2"]
[White "Velluti, Alberto"]
[Black "Esposito, Ivan"]
[Result "1-0"]
[WhiteElo "1945"]
[BlackElo "1843"]
[PlyCount "93"]
[EventDate "2013.11.29"]
[EventType "swiss"]
[EventRounds "5"]
[EventCountry "ITA"]
[SourceTitle "EXT 2015"]
[Source "ChessBase"]
[SourceDate "2014.11.20"]
[SourceVersion "1"]
[SourceVersionDate "2014.11.20"]
[SourceQuality "1"]

1. e4 c6 2. d4 d5 3. e5 Bf5 4. Bd3 Bg6 5. Nf3 e6 6. c3 c5 7. Na3 a6 8. 0-0 Nc6 9. Nc2 Rc8 10. Be3 Qc7 11. dxc5 Nxe5 12. Nxe5 Qxe5 13. Re1 Qc7 14. Nb4 Nf6 15. Bd4 Be7 16. Qa4+ Kf8 17. c6 Bxd3 18. cxb7 Qxb7 19. Nxd3 Rc4 20. Qd1 Ne4 21. Qh5 Bf6 22. Be5 Bxe5 23. Nxe5 Nf6 24. Qe2 Re4 25. Qd2 h6 26. f3 Rxe1+ 27. Rxe1 Ke7 28. Nd3 Rb8 29. b4 Qb5 30. Nc5 Qc4 31. a3 Nd7 32. Nd3 Rc8 33. Nf4 Kf8 34. Ne2 Nb6 35. Qc2 d4 36. Qh7 dxc3 37. Qh8+ Ke7 38. Qxg7 Nd5 39. Qxh6 Qd3 40. Qg5+ Nf6 41. Ng3 Qd4+ 42. Kh1 Qf2 43. Re2 Qb6 44. Ne4 c2 45. Qxf6+ Kd7 46. Qxf7+ Kc6 47. Rxc2+ 1-0

[Event "Noale Szabados Memorial-B 5th"]
[Site "Noale"]
[Date "2012.02.04"]
[Round "2"]
[White "Esposito, Ivan"]
[Black "Boschesi, Giovanni"]
[Result "1-0"]
[WhiteElo "1624"]
[BlackElo "1409"]
[PlyCount "99"]
[EventDate "2012.02.03"]
[EventType "swiss"]
[EventRounds "5"]
[EventCountry "ITA"]
[SourceTitle "EXT 2022"]
[Source "ChessBase"]
[SourceDate "2021.10.06"]
[SourceVersion "1"]
[SourceVersionDate "2021.10.06"]
[SourceQuality "1"]

1. d4 Nf6 2. g3 d5 3. Bg2 e6 4. c4 c6 5. Nc3 Nbd7 6. Nf3 Bb4 7. Bd2 0-0 8. Qb3 a5 9. 0-0 Re8 10. cxd5 exd5 11. e3 Bxc3 12. Qxc3 Ne4 13. Qc2 Ndf6 14. Rae1 Bf5 15. Qc1 Qd7 16. Ne5 Qe6 17. f3 Nxd2 18. Qxd2 Bh3 19. g4 Bxg2 20. Qxg2 Nd7 21. f4 f6 22. f5 Qe7 23. Nxd7 Qxd7 24. g5 Qe7 25. h4 Qe4 26. Qg3 Rf8 27. Rf4 Qe7 28. e4 Rae8 29. e5 fxg5 30. hxg5 g6 31. fxg6 Rxf4 32. gxh7+ Qxh7 33. Qxf4 Rf8 34. Qg4 Qf7 35. Qg3 Qf5 36. e6 Re8 37. e7 Qd7 38. Qe5 Qg4+ 39. Kf2 Qh4+ 40. Ke2 Qe4+ 41. Kd2 Qxe5 42. Rxe5 Kf7 43. a4 Rxe7 44. Ke3 Rxe5+ 45. dxe5 c5 46. Kf4 Ke6 47. g6 b6 48. Kg5 Ke7 49. Kh6 Kf8 50. Kh7 1-0

[Event "Mestre Ragazzini Memorial 2nd"]
[Site "Mestre"]
[Date "2011.05.21"]
[Round "3"]
[White "Rosina, Graziano"]
[Black "Esposito, Ivan"]
[Result "1-0"]
[WhiteElo "1829"]
[BlackElo "1455"]
[PlyCount "69"]
[EventDate "2011.05.20"]
[EventType "swiss"]
[EventRounds "5"]
[EventCountry "ITA"]
[SourceTitle "EXT 2022"]
[Source "ChessBase"]
[SourceDate "2021.10.06"]
[SourceVersion "1"]
[SourceVersionDate "2021.10.06"]
[SourceQuality "1"]

1. Nf3 Nf6 2. c4 c6 3. d4 d5 4. cxd5 cxd5 5. Nc3 Nc6 6. g3 g6 7. Bg2 Bg7 8. 0-0 0-0 9. Bf4 a6 10. Rc1 Ne4 11. Ne5 f5 12. Nxe4 dxe4 13. Nxc6 bxc6 14. e3 Qb6 15. b3 Rd8 16. Qc2 Bd7 17. f3 exf3 18. Bxf3 Rac8 19. Qc5 Qxc5 20. Rxc5 Re8 21. Rfc1 e5 22. Bxe5 Bxe5 23. dxe5 Re6 24. Ra5 Ra8 25. Be2 Kf8 26. Kf2 g5 27. Rd1 Ke7 28. Bc4 Rh6 29. Kg2 Bc8 30. Rd4 Bb7 31. Rc5 Bc8 32. h4 gxh4 33. Rxh4 Rxh4 34. gxh4 Bb7 35. Kf3 1-0

[Event "Mogliano Veneto op-C 32nd"]
[Site "Mogliano Veneto"]
[Date "2011.04.30"]
[Round "3"]
[White "Vomiero, Luciano"]
[Black "Esposito, Ivan"]
[Result "0-1"]
[WhiteElo "1569"]
[BlackElo "1455"]
[PlyCount "116"]
[EventDate "2011.04.29"]
[EventType "swiss"]
[EventRounds "5"]
[EventCountry "ITA"]
[SourceTitle "EXT 2024"]
[Source "ChessBase"]
[SourceDate "2023.10.10"]
[SourceVersion "1"]
[SourceVersionDate "2023.10.10"]
[SourceQuality "1"]

1. e4 c6 2. d4 d5 3. e5 Bf5 4. Bd3 Bg6 5. Nf3 e6 6. 0-0 c5 7. Bb5+ Nd7 8. Be3 cxd4 9. Bxd4 a6 10. Bxd7+ Qxd7 11. Nbd2 Rc8 12. c3 Ne7 13. Nb3 Nf5 14. h3 Be7 15. g4 Nxd4 16. Nbxd4 Qd8 17. Qa4+ Qd7 18. Qxd7+ Kxd7 19. Kg2 Be4 20. Kg3 f6 21. Rad1 h5 22. Nd2 Bd3 23. Rfe1 fxe5 24. Rxe5 Bd6 25. N2f3 Be4 26. Kf4 Rcf8+ 27. Ke3 Rxf3+ 28. Nxf3 Bxf3 29. Kxf3 hxg4+ 30. Kxg4 Bxe5 31. f4 Bf6 32. b3 Bxc3 33. h4 Kd6 34. h5 Rf8 35. Rd3 Bf6 36. Rh3 d4 37. h6 gxh6 38. Rxh6 Kc5 39. Kf3 Kb4 40. Ke4 Ka3 41. Rh2 Rc8 42. Rh6 Rf8 43. Rh2 Kb4 44. Rh3 Rh8 45. Rg3 Kc5 46. a3 Kd6 47. b4 Rc8 48. Rg6 Ke7 49. f5 e5 50. Rg3 Rc3 51. Rd3 Kd6 52. Rxc3 dxc3 53. Kd3 e4+ 54. Kc2 Kd5 55. a4 Kc4 56. a5 Kxb4 57. Kd1 Kb3 58. Kc1 Bg5+ 0-1

[Event "Mogliano Veneto op-C 32nd"]
[Site "Mogliano Veneto"]
[Date "2011.04.29"]
[Round "1"]
[White "Lodici, Lorenzo"]
[Black "Esposito, Ivan"]
[Result "1/2-1/2"]
[WhiteElo "1533"]
[BlackElo "1455"]
[PlyCount "118"]
[EventDate "2011.04.29"]
[EventType "swiss"]
[EventRounds "5"]
[EventCountry "ITA"]
[SourceTitle "EXT 2024"]
[Source "ChessBase"]
[SourceDate "2023.10.10"]
[SourceVersion "1"]
[SourceVersionDate "2023.10.10"]
[SourceQuality "1"]

1. Nf3 Nf6 2. d4 d6 3. e3 g6 4. Bd3 Bg7 5. Nbd2 0-0 6. 0-0 Nbd7 7. Qe2 e5 8. c3 Re8 9. e4 c6 10. Qd1 Qc7 11. Re1 c5 12. d5 a6 13. c4 Rb8 14. a4 a5 15. Nb1 b6 16. Nc3 Ba6 17. b3 Nh5 18. Bb2 Ndf6 19. g3 Qd7 20. Bf1 Qg4 21. Nh4 Qd7 22. Bg2 Rf8 23. Qd2 Qe7 24. Rf1 Nd7 25. Bh3 Bf6 26. Nf3 Bg7 27. Nh4 Rbd8 28. Qe2 Nf4 29. gxf4 Qxh4 30. Bxd7 Rxd7 31. fxe5 Bxe5 32. f3 f5 33. Nd1 fxe4 34. Bxe5 exf3 35. Qf2 Qxf2+ 36. Rxf2 dxe5 37. Ne3 Rd6 38. Raf1 e4 39. h3 h5 40. Rh2 Bc8 41. Kf2 Kg7 42. Rg1 Kh6 43. h4 Bf5 44. Rhh1 Kg7 45. Rg3 Kf6 46. Re1 Ke5 47. Rd1 Kf4 48. Rdg1 Rff6 49. Rg5 Ke5 50. Rd1 Rd8 51. Nxf5 Rxf5 52. Rxg6 Kf4 53. Re1 Re5 54. Re3 Rf8 55. Rg7 Ree8 56. d6 Rg8 57. d7 Rd8 58. Rf7+ Ke5 59. Re7+ Kd6 1/2-1/2